| 000 | 00000nam##2200000za#4500 |
| 001 | 9.639313 |
| 003 | CaOODSP |
| 005 | 20210624222113 |
| 007 | cr ||||||||||| |
| 008 | 150407|2007||||xxc|||||o f|0| 0 fre|d |
| 040 | |aCaOODSP|bfre |
| 043 | |an-cn--- |
| 086 | 1 |aEn56-214/2007F-PDF |
| 110 | 1 |aCanada. |bEnvironnement Canada. |
| 245 | 10|aGestion des zones côtières des Grands Lacs dans le contexte d'un changement de climat / |h[ressource électronique]|cPublié sous la direction de Don MacIver et Joan Klaassen. |
| 260 | |aToronto - Ontario : |bEnvironnement Canada |c[2007]. |
| 300 | |a28p.|bcartes en couleur, photographies |
| 500 | |a«La présente publication est tirée du rapport intitulé Zone côtière et changement climatique dans la région des Grands Lacs, qui date de 2006. La recherche a été financée par Environnement Canada (EC), Ressources naturelles Canada (RNCan), le ministère des Richesses naturelles de l'Ontario et AMEC.»--Page 3 de 28. Le n° de catalogue (Em-214/2007F) et l'ISBN (971-0-662-09577-4) copiés dans cette version PDF sont incorrects. |
| 590 | |a11-25-Supp|b2011-10-31 |
| 691 | 07|aChangement climatique|2gcpds |
| 691 | 07|aLittoral|2gcpds |
| 720 | 1 |aMacIver, Don |
| 720 | 1 |aKlaassen, Joan |
| 775 | 08|tCoastal zone management under a changing climate in the Great Lakes / |w(CaOODSP)9.695171 |
| 856 | 40|ahttp://publications.gc.ca|qPDF|s4142 Ko|uhttps://publications.gc.ca/collections/collection_2011/ec/En56-214-2007-fra.pdf |